[Event "Medellin Segunda Antioquia op"]
[Site "Medellin"]
[Date "2016.04.14"]
[Round "2.16"]
[White "Varela Garcia, Maria de los Angele"]
[Black "Vargara, Carlos"]
[Result "0-1"]
[WhiteElo "1632"]
[BlackElo "1609"]
[PlyCount "52"]
[EventDate "2016.04.13"]
[EventType "swiss"]
[EventRounds "7"]
[EventCountry "COL"]
[SourceTitle "EXT 2024"]
[Source "ChessBase"]
[SourceDate "2023.10.10"]
[SourceVersion "1"]
[SourceVersionDate "2023.10.10"]
[SourceQuality "1"]

1. e4 e5 2. Nf3 Nc6 3. Bc4 Bc5 4. c3 Nf6 5. d3 d5 6. exd5 Nxd5 7. b4 Bb6 8. b5 Na5 9. Nxe5 0-0 10. 0-0 Re8 11. Nxf7 Kxf7 12. Qh5+ Kg8 13. Bxd5+ Kh8 14. Be4 Rxe4 15. dxe4 Be6 16. Bg5 Qd3 17. Rd1 Qxb5 18. g4 Qe2 19. Rf1 Bxg4 20. Qh4 Nc4 21. Nd2 Ne5 22. Rfe1 Qxd2 23. Bxd2 Nf3+ 24. Kg2 Nxh4+ 25. Kg3 Nf3 26. Kxg4 Nxd2 0-1

[Event "Medellin de Segunda Cat. Antioquia"]
[Site "Medellin"]
[Date "2014.03.27"]
[Round "6.18"]
[White "Vargara, Carlos"]
[Black "Gomez, Nicolas de Jesus"]
[Result "1-0"]
[WhiteElo "1627"]
[BlackElo "1659"]
[PlyCount "53"]
[EventDate "2014.03.19"]
[EventType "swiss"]
[EventRounds "7"]
[EventCountry "COL"]
[SourceTitle "EXT 2024"]
[Source "ChessBase"]
[SourceDate "2023.10.10"]
[SourceVersion "1"]
[SourceVersionDate "2023.10.10"]
[SourceQuality "1"]

1. e4 c6 2. Nf3 d5 3. exd5 cxd5 4. d4 Bf5 5. Nc3 e6 6. Bf4 Nc6 7. Bb5 a6 8. Bxc6+ bxc6 9. Ne5 Qb6 10. Rb1 Nf6 11. 0-0 Rc8 12. h3 h6 13. Qd2 Bb4 14. a3 Ne4 15. Qe3 Be7 16. Nxe4 Bxe4 17. Rfc1 c5 18. Qg3 Bf6 19. dxc5 Qxc5 20. Nd3 Qb6 21. b4 Rd8 22. Bc7 Qb7 23. Bxd8 Kxd8 24. Nc5 Qb5 25. Qd6+ Kc8 26. a4 Rd8 27. Qxd8+ 1-0

[Event "Medellin de Segunda Cat. Antioquia"]
[Site "Medellin"]
[Date "2014.03.26"]
[Round "5.14"]
[White "Zuluaga, Silvio"]
[Black "Vargara, Carlos"]
[Result "1-0"]
[WhiteElo "1703"]
[BlackElo "1627"]
[PlyCount "61"]
[EventDate "2014.03.19"]
[EventType "swiss"]
[EventRounds "7"]
[EventCountry "COL"]
[SourceTitle "EXT 2024"]
[Source "ChessBase"]
[SourceDate "2023.10.10"]
[SourceVersion "1"]
[SourceVersionDate "2023.10.10"]
[SourceQuality "1"]

1. e4 e5 2. Nf3 Nc6 3. Nc3 Nf6 4. a3 d5 5. exd5 Nxd5 6. d3 h6 7. Be2 Bc5 8. 0-0 0-0 9. Ne4 Be7 10. c4 Nf6 11. Ng3 Be6 12. b4 Nd7 13. Bb2 f6 14. b5 Na5 15. Qa4 b6 16. Bc3 c6 17. Bxa5 cxb5 18. cxb5 bxa5 19. Rac1 Nc5 20. Qd1 Bb3 21. Qd2 Be6 22. Rc3 Qb6 23. Qb2 Rac8 24. Ne4 Nxe4 25. dxe4 Bd7 26. h3 Qb8 27. Rd1 Rfd8 28. Nh4 Be6 29. Z0 Bf7 30. Nf5 Rxd1+ 31. Bxd1 1-0

[Event "Medellin de Segunda Cat. Antioquia"]
[Site "Medellin"]
[Date "2014.03.25"]
[Round "4.10"]
[White "Cardona, Juan Ricardo"]
[Black "Vargara, Carlos"]
[Result "1-0"]
[WhiteElo "1704"]
[BlackElo "1627"]
[PlyCount "95"]
[EventDate "2014.03.19"]
[EventType "swiss"]
[EventRounds "7"]
[EventCountry "COL"]
[SourceTitle "EXT 2024"]
[Source "ChessBase"]
[SourceDate "2023.10.10"]
[SourceVersion "1"]
[SourceVersionDate "2023.10.10"]
[SourceQuality "1"]

1. e4 e5 2. Nf3 Nc6 3. Bb5 d6 4. d4 exd4 5. Qxd4 Bd7 6. Bxc6 Bxc6 7. Nc3 Qf6 8. Bg5 Qg6 9. Nd5 Bxd5 10. Qxd5 c6 11. Qf5 Qxf5 12. exf5 f6 13. Bf4 0-0-0 14. 0-0-0 d5 15. Rhe1 Bc5 16. Nd4 Bd6 17. Bxd6 Rxd6 18. Re8+ Rd8 19. Rxd8+ Kxd8 20. Ne6+ Kd7 21. Nxg7 Nh6 22. Nh5 Rf8 23. c4 Kd6 24. cxd5 cxd5 25. Nf4 Rc8+ 26. Kb1 Rc5 27. Ne6 Rc4 28. Nf8 Ke5 29. Nd7+ Kxf5 30. Rxd5+ Ke6 31. Rh5 Ng4 32. Rxh7 Nxf2 33. Nf8+ Kd6 34. Rxb7 a5 35. Rb6+ Ke7 36. Nh7 Ne4 37. a3 a4 38. Rb7+ Kd6 39. Ka2 Rc2 40. Kb1 Rxg2 41. Rb4 Nc5 42. Nxf6 Rg1+ 43. Kc2 Rg2+ 44. Kc3 Rxh2 45. Ne4+ Kd5 46. Rd4+ Kc6 47. Nxc5 Kxc5 48. Rxa4 1-0

[Event "Departamental Tercera Antioquia"]
[Site "Medellin"]
[Date "2014.02.25"]
[Round "2.18"]
[White "Florez Rojas, Santiago"]
[Black "Vargara, Carlos"]
[Result "0-1"]
[WhiteElo "1203"]
[BlackElo "1627"]
[PlyCount "50"]
[EventDate "2014.02.24"]
[EventType "swiss"]
[EventRounds "7"]
[EventCountry "COL"]
[SourceTitle "EXT 2024"]
[Source "ChessBase"]
[SourceDate "2023.10.10"]
[SourceVersion "1"]
[SourceVersionDate "2023.10.10"]
[SourceQuality "1"]

1. e4 e5 2. Nf3 Nc6 3. Bc4 Bc5 4. Nc3 Nf6 5. 0-0 0-0 6. d3 h6 7. Be3 Be7 8. Qd2 Ng4 9. h3 Nxe3 10. Qxe3 Nb4 11. Qd2 d6 12. a3 Nc6 13. Nd5 Bf6 14. Nxf6+ Qxf6 15. Qe3 Nd8 16. Nd2 Ne6 17. Rfe1 Nf4 18. Kf1 Qg6 19. Qf3 Kh8 20. Re3 f5 21. Qg3 Qh5 22. Nf3 fxe4 23. Qh4 Qg6 24. dxe4 Bd7 25. Ng1 Qxg2+ 0-1